Super Smash Bros. Characters with Popular Names - Statistics

General Stats
  • This quiz has been taken 209 times
    203 since last reset
  • The average score is 7 of 12
Answer Stats
# with name % Name % Correct
129,248 99.2 Mario
98%
183,060 99.3 Roy
76%
92,118 99.6 Daisy
75%
298,492 87.8 Robin
64%
282,991 99.8 Lucas
62%
168,252 99.6 Steve
62%
404,610 80.1 Terry
53%
249,506 96.4 Alex
49%
51,885 99.7 Simon
47%
77,658 99.9 Isabelle
46%
240,883 99.6 Wendy
42%
547,949 99.5 Larry
33%
No matching quizzes found
Score Distribution
Percent of People with Each Score
Percentile by Number Answered
Your Score History
You have not taken this quiz since the last reset